| 000 | 00469nam a2200181Ia 4500 | ||
|---|---|---|---|
| 008 | 231221s9999 xx 000 0 und d | ||
| 020 | _a9780000000000 | ||
| 041 | _aEnglish | ||
| 082 | _a651.4 MEE;1 | ||
| 100 | _aMeenakshi Raman. Singh, Prakash. | ||
| 245 | 0 | _aBusiness communication | |
| 250 | _a2nd ed. | ||
| 260 |
_c2012 _bOxford University Press _aNew Delhi |
||
| 300 | _axvii, 650 | ||
| 500 | _aPU6540 | ||
| 650 | _aBusiness,communication | ||
| 942 | _cCD | ||
| 999 |
_c232592 _d232592 |
||